|
|
|
|
| LEADER |
01735cas a2200253 a 4500 |
| 001 |
AALejournalIMF021992 |
| 008 |
230101c9999 xx r poo 0 0eng d |
| 020 |
|
|
|c 5.00 USD
|
| 020 |
|
|
|z 9781484346921
|
| 022 |
|
|
|a 1934-7685
|
| 040 |
|
|
|a BD-DhAAL
|c BD-DhAAL
|
| 110 |
2 |
|
|a International Monetary Fund.
|b European Dept.
|
| 245 |
1 |
0 |
|a Republic of San Marino :
|b 2013 Article IV Consultation.
|
| 264 |
|
1 |
|a Washington, D.C. :
|b International Monetary Fund,
|c 2013.
|
| 300 |
|
|
|a 1 online resource (42 pages)
|
| 490 |
1 |
|
|a IMF Staff Country Reports
|
| 500 |
|
|
|a <strong>Off-Campus Access:</strong> No User ID or Password Required
|
| 500 |
|
|
|a <strong>On-Campus Access:</strong> No User ID or Password Required
|
| 506 |
|
|
|a Electronic access restricted to authorized BRAC University faculty, staff and students
|
| 520 |
3 |
|
|a This Article IV Consultation focuses on San Marino's prolonged recession. The global crisis has led to a significant decline in budget revenues. However, San Marino's sizable pre-2008 budget surplus, combined with recent tax measures and efforts to restrain expenditures, have helped contain the deficit at about 3 percent of GDP. Executive Directors noted that San Marino's economy will face financial and fiscal challenges in the near term, as well as uncertain medium-term prospects. Directors considered that, notwithstanding the recent recapitalization, the largest bank will need more capital to meet prudential requirements.
|
| 538 |
|
|
|a Mode of access: Internet
|
| 651 |
|
7 |
|a San Marino, Republic of
|2 imf
|
| 830 |
|
0 |
|a IMF Staff Country Reports; Country Report ;
|v No. 2013/122
|
| 856 |
4 |
0 |
|z Full text available on IMF
|u http://elibrary.imf.org/view/journals/002/2013/122/002.2013.issue-122-en.xml
|z IMF e-Library
|